|
|
|
|
| LEADER |
00000cam a2200000 7i4500 |
| 001 |
0000132375 |
| 005 |
20190412.0 |
| 008 |
190412t20182018my ao j 000 0 bm |
| 020 |
|
|
|a 9789673922628 (set)
|
| 020 |
|
|
|a 9789673922680
|
| 040 |
|
|
|a PERPUSTAM
|b eng
|c PERPUSTAM
|e rda
|
| 090 |
0 |
0 |
|a J 363.34
|b AMI
|
| 100 |
0 |
|
|a Amir Zakaria ,
|d 1969- ,
|e author
|
| 245 |
1 |
0 |
|a Tragedi Gempa Bumi Global
|c Amir Zakaria
|
| 264 |
|
1 |
|a Seri Kembangan, Selangor :
|b Pustaka Kelisa
|c 2018
|
| 300 |
|
|
|a 48 pages :
|b colour photographs ;
|c 30 cm.
|
| 336 |
|
|
|a text, rdacontent
|
| 337 |
|
|
|a unmediated
|2 rdamedia
|
| 338 |
|
|
|a volume
|2 rdacarrier
|
| 490 |
1 |
|
|a Iktibar Insiden DRAMATIK Dunia
|
| 500 |
|
|
|a Includes questions and exercises
|
| 650 |
1 |
0 |
|a Disasters
|v Juvenile literature
|
| 650 |
2 |
0 |
|a Earthquakes
|v Juvenile literature
|
| 650 |
2 |
0 |
|a Natural disasters
|v Juvenile literature
|
| 830 |
|
0 |
|a Iktibar insiden dramatik dunia
|
| 999 |
|
|
|a 0000553071
|b Buku
|c Koleksi Pinjaman Kanak-Kanak
|e Perbadanan Perpustakaan Awam Melaka
|
| 999 |
|
|
|a 0000553072
|b Buku
|c Koleksi Pinjaman Kanak-Kanak
|e Perpustakaan Cawangan Jasin
|
| 999 |
|
|
|a 0000553073
|b Buku
|c Koleksi Pinjaman Kanak-Kanak
|e Perpustakaan Cawangan Masjid Tanah
|
| 999 |
|
|
|a 0000553074
|b Buku
|c Koleksi Pinjaman Kanak-Kanak
|e Perpustakaan Cawangan Merlimau
|
| 999 |
|
|
|a 0000553075
|b Buku
|c Koleksi Pinjaman Kanak-Kanak
|e Perbadanan Perpustakaan Awam Melaka
|
| 999 |
|
|
|a 0000553076
|b Buku
|c Koleksi Pinjaman Kanak-Kanak
|e Perbadanan Perpustakaan Awam Melaka
|
| 999 |
|
|
|a 0000553077
|b Buku
|c Koleksi Pinjaman Kanak-Kanak
|e PK Melaka Mall
|
| 999 |
|
|
|a 0000553078
|b Buku
|c Koleksi Pinjaman Kanak-Kanak
|e PK Aeon Jaya Jusco
|
| 999 |
|
|
|a 0000553079
|b Buku
|c Koleksi Pinjaman Kanak-Kanak
|e Perbadanan Perpustakaan Awam Melaka
|
| 999 |
|
|
|a 0000553080
|b Buku
|c Koleksi Pinjaman Kanak-Kanak
|e Perbadanan Perpustakaan Awam Melaka
|
| 999 |
|
|
|a 0000553081
|b Buku
|c Koleksi Pinjaman Kanak-Kanak
|e Perpustakaan Komuniti UTC Melaka
|
| 999 |
|
|
|a 0000553082
|b Buku
|c Koleksi Pinjaman Kanak-Kanak
|e Perbadanan Perpustakaan Awam Melaka
|
| 999 |
|
|
|a 0000553083
|b Buku
|c Koleksi Pinjaman Kanak-Kanak
|e Perbadanan Perpustakaan Awam Melaka
|
| 999 |
|
|
|a 0000553084
|b Buku
|c Koleksi Pinjaman Kanak-Kanak
|e Perbadanan Perpustakaan Awam Melaka
|
| 999 |
|
|
|a 0000553085
|b Buku
|c Koleksi Pinjaman Kanak-Kanak
|e Perbadanan Perpustakaan Awam Melaka
|
| 999 |
|
|
|a 0000553086
|b Buku
|c Koleksi Pinjaman Kanak-Kanak
|e Perbadanan Perpustakaan Awam Melaka
|
| 999 |
|
|
|a 0000553087
|b Buku
|c Koleksi Pinjaman Kanak-Kanak
|e Perbadanan Perpustakaan Awam Melaka
|
| 999 |
|
|
|a 0000553088
|b Buku
|c Koleksi Pinjaman Kanak-Kanak
|e Perbadanan Perpustakaan Awam Melaka
|
| 999 |
|
|
|a 0000553089
|b Buku
|c Koleksi Pinjaman Kanak-Kanak
|e Perbadanan Perpustakaan Awam Melaka
|
| 999 |
|
|
|a 0000553090
|b Buku
|c Koleksi Pinjaman Kanak-Kanak
|e Perpustakaan Desa Asahan
|
| 999 |
|
|
|a 0000553091
|b Buku
|c Koleksi Pinjaman Kanak-Kanak
|e Perpustkaan Desa Lubuk China
|